01383nam a22002657a 450000500170000000800410001702000180005804000250007605000130010124501180011424600460023225000120027826000530029030000310034349000210037450000500039550505160044565000190096165000250098065000250100565000240103065000250105470000180107970000200109720231129100540.0231109b ||||| |||| 00| 0 eng d a9780199593972 aWIUC - GHcWIUC - GH aRC76.O98 aOxford handbook of clinical examination and practical skills. / cedited by James D. Thomas and Tanya M. Monaghan aClinical examination and practical skills a2nd ed. aOxford, U. K. :bOxford University Press,c2014. axvii, 754 p. :bill., coll aOxford handbooks aIncludes bibliographical references and index aContents: Communication skills -- The history -- General and endocrine examination -- Skin, hair, and nails -- The cardiovascular system -- The respiratory system -- The abdomen -- The nervous system -- The eyes -- The locomotor system -- The ear, nose, and throat -- The male reproductive system -- The female reproductive system -- The obstetric assessment -- The breast -- The psychiatric assessment -- The paediatric assessment -- Practical procedures -- Clinical data interpretation -- Other investigations aHistory taking aPhysical examination aPractical procedures aData interpretation aCommunication skills aThomas, James aMonaghan, Tanya